[Event "Brackweder SK 1 - SF Neuenkirchen 1"]
[Site "NRW-Klasse, Gruppe 1 2010/201"]
[Date "2010.12.19"]
[Round "4.7"]
[White "Stoeckmann, Helmut"]
[Black "Stephan, Gunther"]
[Result "1/2-1/2"]
[WhiteElo "2040"]
[BlackElo "1952"]
[Annotator ",Daniel"]
[PlyCount "119"]
[EventDate "2010.??.??"]

1. c4 Nf6 2. Nc3 d5 3. d4 e6 4. Bg5 Bb4 5. e3 c6 6. Nf3 Qa5 7. Bxf6 Bxc3+ 8.
bxc3 Qxc3+ 9. Nd2 gxf6 10. cxd5 exd5 11. Rc1 Qa3 12. Nb1 Qd6 13. Bd3 f5 14. Qf3
Be6 15. Bxf5 Bxf5 16. Qxf5 Nd7 17. Nc3 Qg6 18. Qxg6 hxg6 19. O-O f5 20. Rfe1
Rh7 21. f3 Nf6 22. Na4 Kd7 23. Nc5+ Kd6 24. h3 Re8 25. Kf2 g5 26. Nd3 b6 27.
Re2 Rc8 28. Rec2 Rhc7 29. Rb1 c5 30. dxc5+ bxc5 31. Rb5 c4 32. Nc1 Rc5 33. Rb7
f4 34. Rxa7 R8c7 35. Ra8 fxe3+ 36. Kxe3 Ke5 37. Rd8 d4+ 38. Rxd4 Nd5+ 39. Rxd5+
Kxd5 40. Rd2+ Kc6 41. Rc2 Kb5 42. Ne2 c3 43. Ng3 Kb4 44. Ne4 Rd5 45. g3 Rd1 46.
h4 gxh4 47. gxh4 Rh1 48. Kd3 Rh3 49. Ke3 Rxh4 50. Kd3 Rh3 51. Ke3 Rc6 52. Nf2
Rh8 53. Nd3+ Ka3 54. Nf2 Re8+ 55. Ne4 Kb4 56. Kd3 Rd8+ 57. Ke3 Kc4 58. Rxc3+
Kb5 59. Rb3+ Ka4 60. Rd3 {Rest komplett unleserlich!} 1/2-1/2

[Event "SV Letmathe 1 - SC Hansa Dortmund 2"]
[Site "NRW-Klasse, Gruppe 1 2010/201"]
[Date "2011.01.09"]
[Round "5.1"]
[White "Karger, Frank"]
[Black "Podzielny, Karl-Heinz"]
[Result "0-1"]
[WhiteElo "2228"]
[BlackElo "2405"]
[PlyCount "80"]
[EventDate "2011.??.??"]

1. d4 Nf6 2. c4 g6 3. Nc3 Bg7 4. e4 d6 5. Nf3 O-O 6. Be2 a5 7. O-O Na6 8. Be3
Qe8 9. Nd2 e5 10. d5 h5 11. f3 Kh7 12. a3 Bd7 13. b3 Bh6 14. Bf2 Qe7 15. Rb1
Ng8 16. b4 Qg5 17. Rb2 Bh3 18. g3 axb4 19. axb4 Bxf1 20. Nxf1 Qe7 21. Qb3 f5
22. exf5 gxf5 23. Qc2 Kh8 24. Bd3 Qf6 25. c5 Ne7 26. Rb3 h4 27. Qe2 Nb8 28. b5
dxc5 29. Bxc5 Nd7 30. Bf2 Qd6 31. b6 Nxb6 32. Bxb6 cxb6 33. Kg2 Nxd5 34. Nxd5
Qxd5 35. Bc4 Qd4 36. Rb5 Ra5 37. Rb1 Rc5 38. Rxb6 Qxc4 39. Rxh6+ Kg7 40. Qd2
Qc2 0-1

[Event "SV Letmathe 1 - SC Hansa Dortmund 2"]
[Site "NRW-Klasse, Gruppe 1 2010/201"]
[Date "2011.01.09"]
[Round "5.2"]
[White "Oswald, Hans-Joachim"]
[Black "Eismont, Oleg"]
[Result "1/2-1/2"]
[WhiteElo "2262"]
[BlackElo "2246"]
[PlyCount "93"]
[EventDate "2011.??.??"]

1. Nf3 Nf6 2. c4 b6 3. g3 e6 4. Bg2 Be7 5. O-O c6 6. b3 O-O 7. Bb2 d5 8. d3 Bb7
9. e3 c5 10. Ne5 Qc8 11. f4 dxc4 12. bxc4 Bxg2 13. Kxg2 Nc6 14. Nd2 Ne8 15. Qe2
f6 16. Nxc6 Qxc6+ 17. Qf3 Qxf3+ 18. Kxf3 Nd6 19. a4 Rfd8 20. Ke2 Rd7 21. Rfb1
Rad8 22. Nf3 Nb7 23. Ne1 Bd6 24. Bc3 Bc7 25. Ra3 Kf7 26. a5 Nxa5 27. Bxa5 bxa5
28. Nf3 Ke7 29. Nd2 Bb6 30. Rb5 h5 31. Rc3 Rd6 32. Ne4 Rc6 33. Ra3 Rd7 34. Nd2
Kd8 35. Rb1 Kc8 36. Nb3 Rb7 37. Nxa5 Bxa5 38. Rxb7 Kxb7 39. Rxa5 Ra6 40. Rxc5
Ra2+ 41. Kf3 Rxh2 42. d4 h4 43. gxh4 Rxh4 44. Rb5+ Kc7 45. Rc5+ Kb7 46. Rb5+
Kc7 47. Rc5+ 1/2-1/2

[Event "SV Letmathe 1 - SC Hansa Dortmund 2"]
[Site "NRW-Klasse, Gruppe 1 2010/201"]
[Date "2011.01.09"]
[Round "5.3"]
[White "Heinzel, Olaf"]
[Black "Pfleger, Sascha"]
[Result "1-0"]
[WhiteElo "2289"]
[BlackElo "2020"]
[PlyCount "75"]
[EventDate "2011.??.??"]

1. d4 Nf6 2. Nf3 c5 3. e3 d6 4. Bd3 Nc6 5. c3 Bg4 6. h3 Bh5 7. d5 Bxf3 8. Qxf3
Ne5 9. Bb5+ Nfd7 10. Qe2 a6 11. Ba4 c4 12. O-O g6 13. Bc2 Nc5 14. b4 cxb3 15.
axb3 b5 16. e4 Bg7 17. Be3 O-O 18. Bd4 Qb8 19. f4 Ned7 20. b4 Bxd4+ 21. cxd4
Na4 22. Bxa4 bxa4 23. Rxa4 Rc8 24. e5 Qb6 25. Rd1 Rc7 26. Kh2 Qb7 27. e6 Nf6
28. exf7+ Kg7 29. f5 g5 30. Nd2 Nxd5 31. Qh5 Nf6 32. Qxg5+ Kxf7 33. Nf3 Rc2 34.
Rd2 Rac8 35. Qe3 Rxd2 36. Qxd2 Ne4 37. Qe2 Ra8 38. Qxe4 1-0

[Event "SV Letmathe 1 - SC Hansa Dortmund 2"]
[Site "NRW-Klasse, Gruppe 1 2010/201"]
[Date "2011.01.09"]
[Round "5.4"]
[White "Gruermann, Martin"]
[Black "Ackermann, Hans Werner"]
[Result "1/2-1/2"]
[WhiteElo "2124"]
[BlackElo "2236"]
[PlyCount "49"]
[EventDate "2011.??.??"]

1. e4 c5 2. Nf3 a6 3. c3 e6 4. Be2 d5 5. exd5 exd5 6. d4 Bd6 7. O-O Ne7 8. c4
O-O 9. Nc3 dxc4 10. Bxc4 cxd4 11. Qxd4 Nbc6 12. Qh4 Bf5 13. Ne4 Ng6 14. Qxd8
Raxd8 15. Nxd6 Rxd6 16. Be3 Rd7 17. Bc5 Rc8 18. Be3 Nce5 19. Nxe5 Nxe5 20. Be2
Bd3 21. Rfc1 Rxc1+ 22. Rxc1 f5 23. Kf1 Bxe2+ 24. Kxe2 Kf7 25. Rc3 1/2-1/2

[Event "SV Letmathe 1 - SC Hansa Dortmund 2"]
[Site "NRW-Klasse, Gruppe 1 2010/201"]
[Date "2011.01.09"]
[Round "5.5"]
[White "Kotter, Ralf"]
[Black "Haude, Ruediger"]
[Result "1-0"]
[WhiteElo "2220"]
[BlackElo "2080"]
[Annotator "Hausrath,Daniel"]
[PlyCount "127"]
[EventDate "2011.??.??"]

1. e4 c5 2. Nf3 e6 3. d4 cxd4 4. Nxd4 a6 5. Nc3 Qc7 6. g3 Nc6 7. Bg2 Nf6 8. O-O
Be7 9. Re1 d6 10. Nxc6 bxc6 11. e5 dxe5 12. Rxe5 Bd6 13. Re1 Bb7 14. Bg5 h6 15.
Bxf6 gxf6 16. Ne4 O-O-O 17. Nxd6+ Rxd6 18. Qf3 f5 19. Rad1 Rhd8 20. Rxd6 Qxd6
21. Qe3 Qd2 $11 22. Qxd2 Rxd2 23. Rc1 Kc7 24. Kf1 a5 25. Ke1 Rd4 26. Rd1 Rxd1+
27. Kxd1 Ba6 28. Kd2 Kd6 29. Ke3 Kc5 30. Bf3 f6 31. c3 e5 32. b3 Bc8 33. a3 Be6
34. Bd1 Kb6 35. b4 c5 36. Be2 Bb3 37. Bd3 Be6 38. Bf1 Bb3 39. Be2 Be6 40. Bd3
Bd7 41. Bc4 Ba4 42. Kd3 axb4 43. cxb4 cxb4 44. axb4 Bd7 45. Bf7 Bb5+ 46. Kc3
Bc6 47. Kc4 Be4 48. Be8 Bf3 49. Bg6 f4 50. gxf4 exf4 51. Bd3 Kc6 52. Kd4 Bh5
53. b5+ Kb6 54. Kd5 Bd1 55. Ke6 f3 56. Kxf6 Be2 57. Bb1 Kxb5 58. Kg6 Kc4 59.
Kxh6 Bd3 60. Ba2+ Kd4 61. Kg5 Ke5 62. Bg8 Bb5 63. h4 Be8 64. h5 1-0

[Event "SV Letmathe 1 - SC Hansa Dortmund 2"]
[Site "NRW-Klasse, Gruppe 1 2010/201"]
[Date "2011.01.09"]
[Round "5.6"]
[White "Weyrauch, Erich"]
[Black "Linker, Walter"]
[Result "1-0"]
[WhiteElo "2005"]
[BlackElo "2074"]
[Annotator "Hausrath,Daniel"]
[PlyCount "73"]
[EventDate "2011.??.??"]

1. d4 Nf6 2. c4 e5 3. dxe5 Ng4 4. Nf3 Bc5 5. e3 Nc6 6. Nc3 Ngxe5 7. a3 a5 8.
Ne4 Qe7 9. Nxc5 Qxc5 10. Bd2 d6 11. Nxe5 Nxe5 12. Be2 O-O 13. O-O f6 14. b4
axb4 15. axb4 Rxa1 16. Qxa1 Qb6 17. Rc1 Be6 18. c5 dxc5 19. Rxc5 Qd6 20. Bc3
Ng4 21. Rh5 Nh6 22. Ra5 Ng4 23. Rh5 Nh6 24. h3 b6 25. b5 Qd7 26. Rh4 Nf5 27.
Ra4 Nd6 28. Rd4 Qf7 29. Bb4 Nf5 $11 30. Rd2 Rc8 31. Bf3 Nh4 32. Bc6 Qg6 33. Qd4
Nf5 34. Qe4 Qf7 35. Rd7 Qxd7 36. Bxd7 Bxd7 37. Qd5+ 1-0

[Event "SV Letmathe 1 - SC Hansa Dortmund 2"]
[Site "NRW-Klasse, Gruppe 1 2010/201"]
[Date "2011.01.09"]
[Round "5.7"]
[White "Burchert, Wolfgang"]
[Black "Hunold, Rolf"]
[Result "1/2-1/2"]
[WhiteElo "2097"]
[BlackElo "1958"]
[PlyCount "96"]
[EventDate "2011.??.??"]

1. e4 c5 2. Nf3 e6 3. d4 cxd4 4. Nxd4 a6 5. Nc3 Qc7 6. g3 Nf6 7. Bg2 d6 8. O-O
Be7 9. Re1 Nbd7 10. g4 h6 11. f4 g6 12. h3 e5 13. Nde2 b5 14. Be3 Bb7 15. Nd5
Nxd5 16. exd5 Rc8 17. c3 h5 18. g5 exf4 19. Bxf4 O-O 20. Ng3 Rfe8 21. Ne4 Nc5
22. Nf6+ Bxf6 23. Rxe8+ Rxe8 24. gxf6 Nd7 25. Qd4 Ne5 26. Be3 Qc4 27. b3 Qe2
28. Rf1 Nd7 29. Bf4 Ne5 30. Qb6 Bc8 31. Qxd6 Bf5 32. Bg3 Qe3+ 33. Kh2 Qxc3 34.
Re1 Nf3+ 35. Bxf3 Rxe1 36. Qd8+ Kh7 37. Qf8 Qxf6 38. Bxe1 Bxh3 39. Bh1 Bg4 40.
Qb8 Qb2+ 41. Kg3 Qe2 42. Bf2 g5 43. Qb6 h4+ 44. Kh2 Qe5+ 45. Kg1 Qa1+ 46. Kh2
Qe5+ 47. Kg1 Qa1+ 48. Kh2 Qe5+ 1/2-1/2

[Event "SV Letmathe 1 - SC Hansa Dortmund 2"]
[Site "NRW-Klasse, Gruppe 1 2010/201"]
[Date "2011.01.09"]
[Round "5.8"]
[White "Wiehagen, Juergen"]
[Black "Schiefelbusch, Dirk"]
[Result "1/2-1/2"]
[WhiteElo "2025"]
[BlackElo "2070"]
[PlyCount "44"]
[EventDate "2011.??.??"]

1. e4 d5 2. exd5 Qxd5 3. Nc3 Qd6 4. d4 Nf6 5. Nf3 Bg4 6. h3 Bh5 7. g4 Bg6 8.
Ne5 Nbd7 9. Bf4 Qb6 10. Nc4 Qe6+ 11. Be2 Nd5 12. Nxd5 Qxd5 13. f3 c6 14. Ne3
Qa5+ 15. c3 e6 16. Nc4 Qd8 17. Nd6+ Bxd6 18. Bxd6 Qh4+ 19. Kf1 O-O-O 20. Qe1
Qf6 21. Qg3 h5 22. Kg2 Qg5 1/2-1/2

[Event "LSV Turm Lippstadt 1 - Godesberger SK 2"]
[Site "NRW-Klasse, Gruppe 1 2010/201"]
[Date "2011.01.09"]
[Round "5.1"]
[White "Rohde, Ulrich"]
[Black "Wehmeier, Stefan"]
[Result "1-0"]
[WhiteElo "2164"]
[BlackElo "2445"]
[PlyCount "63"]
[EventDate "2011.??.??"]

1. Nf3 Nf6 2. c4 c6 3. d4 d5 4. Nc3 dxc4 5. a4 Bf5 6. e3 Na6 7. Bxc4 e6 8. O-O
Nb4 9. Qe2 Be7 10. e4 Bg4 11. Rd1 O-O 12. Bb3 Qc7 13. h3 Bh5 14. g4 Bg6 15. Ne5
c5 16. Bf4 Qc8 17. d5 exd5 18. exd5 Re8 19. d6 Bf8 20. Qf3 Nd7 21. Nxg6 hxg6
22. Nb5 c4 23. Rac1 Qc6 24. Qxc6 bxc6 25. Rxc4 cxb5 26. Rxb4 Rab8 27. Rxb5 a6
28. Rxb8 Rxb8 29. Bd5 g5 30. Bg3 Rxb2 31. Bc6 Nb8 32. Be8 1-0

[Event "LSV Turm Lippstadt 1 - Godesberger SK 2"]
[Site "NRW-Klasse, Gruppe 1 2010/201"]
[Date "2011.01.09"]
[Round "5.2"]
[White "Matthias, Heiner"]
[Black "Horstmann, Olaf"]
[Result "1-0"]
[WhiteElo "2351"]
[BlackElo "2140"]
[PlyCount "65"]
[EventDate "2011.??.??"]

1. e4 d5 2. exd5 Qxd5 3. Nc3 Qa5 4. d4 Nf6 5. Nf3 Bg4 6. h3 Bh5 7. g4 Bg6 8.
Ne5 e6 9. Nxg6 hxg6 10. Bg2 c6 11. O-O Bd6 12. Qf3 Nbd7 13. g5 Nh5 14. Ne4 Bc7
15. Ng3 Qb4 16. Nxh5 Rxh5 17. Rd1 Qd6 18. b4 Qxb4 19. Be3 Qc4 20. a4 Qxc2 21.
a5 a6 22. Rab1 Rb8 23. d5 exd5 24. Re1 Kf8 25. Ba7 Rc8 26. Rxb7 Rxg5 27. h4 Re5
28. Qa3+ Kg8 29. Rc1 Qd2 30. Be3 Qe2 31. Bf4 Rf5 32. Bf3 Qe7 33. Qxe7 1-0

[Event "LSV Turm Lippstadt 1 - Godesberger SK 2"]
[Site "NRW-Klasse, Gruppe 1 2010/201"]
[Date "2011.01.09"]
[Round "5.3"]
[White "Mueller-Boge, Michael"]
[Black "Brenke, Andreas"]
[Result "1/2-1/2"]
[WhiteElo "2040"]
[BlackElo "2315"]
[PlyCount "120"]
[EventDate "2011.??.??"]

1. e4 c5 2. Nf3 d6 3. Bb5+ Nd7 4. c3 Ngf6 5. Qe2 e6 6. O-O a6 7. Ba4 c4 8. Bc2
Qc7 9. a4 Ne5 10. Nd4 b6 11. Na3 Bb7 12. f4 Ned7 13. Nxc4 Rc8 14. b3 Nxe4 15.
Bxe4 Bxe4 16. d3 Bb7 17. Ba3 Nc5 18. Rae1 Be7 19. f5 e5 20. f6 gxf6 21. Nf5 Rg8
22. Rf2 b5 23. Nxe7 Kxe7 24. Nxd6 Qxd6 25. d4 Qd5 26. axb5 axb5 27. Bxc5+ Rxc5
28. dxc5 Qxb3 29. Qd3 Qd5 30. Qxd5 Bxd5 31. Rd2 Be6 32. Rb1 Bc4 33. Rbd1 Rc8
34. Rd7+ Ke8 35. R7d6 Rxc5 36. Rxf6 Be6 37. Rd3 Ke7 38. Rh6 Bf5 39. Re3 Bg6 40.
Rh4 f5 41. Rb4 Kf6 42. g3 e4 43. Kf2 Ke5 44. Rd4 f4 45. gxf4+ Kxf4 46. Rf3+ Ke5
47. Rg3 Kf4 48. Rd6 Rh5 49. h3 Rc5 50. Rf6+ Bf5 51. Rb6 Re5 52. Re3 Rc5 53. Rb8
Bg6 54. Rf8+ Bf5 55. Rg3 h5 56. h4 b4 57. Rxf5+ Rxf5 58. cxb4 Rd5 59. Rg5 Rd2+
60. Ke1 Rb2 1/2-1/2

[Event "LSV Turm Lippstadt 1 - Godesberger SK 2"]
[Site "NRW-Klasse, Gruppe 1 2010/201"]
[Date "2011.01.09"]
[Round "5.4"]
[White "Krallmann, Matthias"]
[Black "Roski, Ferdinand"]
[Result "1-0"]
[WhiteElo "2148"]
[BlackElo "2166"]
[PlyCount "51"]
[EventDate "2011.??.??"]

1. d4 Nf6 2. c4 g6 3. g3 Bg7 4. Bg2 O-O 5. Nc3 d6 6. Nf3 Nc6 7. d5 Na5 8. Nd2
c5 9. O-O a6 10. Qc2 Rb8 11. b3 b5 12. Bb2 bxc4 13. bxc4 e5 14. Rab1 Bh6 15. e3
Bf5 16. Nce4 Nxe4 17. Bxe4 Bxe4 18. Qxe4 f5 19. Qc2 Rf7 20. Bc3 Rxb1 21. Rxb1
Rb7 22. Rxb7 Nxb7 23. Qa4 Qb6 24. Qe8+ Bf8 25. Qe6+ Kh8 26. Bxe5+ 1-0

[Event "LSV Turm Lippstadt 1 - Godesberger SK 2"]
[Site "NRW-Klasse, Gruppe 1 2010/201"]
[Date "2011.01.09"]
[Round "5.5"]
[White "Kohn, Sandro"]
[Black "Fecke, Andreas"]
[Result "1/2-1/2"]
[WhiteElo "2120"]
[BlackElo "2076"]
[PlyCount "58"]
[EventDate "2011.??.??"]

1. d4 d6 2. g3 Nf6 3. Bg2 Nbd7 4. c4 e5 5. Nf3 Be7 6. O-O O-O 7. Nc3 c6 8. e4
a6 9. Qc2 b5 10. b3 Bb7 11. h3 Re8 12. Re1 Bf8 13. Bb2 Qc7 14. Rac1 g6 15. cxb5
cxb5 16. Qb1 Qb6 17. Nd5 Nxd5 18. exd5 e4 19. Rxe4 Bxd5 20. Rxe8 Rxe8 21. Re1
Rxe1+ 22. Nxe1 Qc6 23. Qc1 Bxg2 24. Nxg2 Qe4 25. Ne3 Nf6 26. d5 Nxd5 27. Nxd5
Qxd5 28. Qc3 Qe5 29. Qxe5 dxe5 1/2-1/2

[Event "LSV Turm Lippstadt 1 - Godesberger SK 2"]
[Site "NRW-Klasse, Gruppe 1 2010/201"]
[Date "2011.01.09"]
[Round "5.6"]
[White "Roemhild, Marcus"]
[Black "Lotzien, Hans"]
[Result "1/2-1/2"]
[WhiteElo "1997"]
[BlackElo "2084"]
[PlyCount "58"]
[EventDate "2011.??.??"]

1. e4 e5 2. Nf3 Nc6 3. d4 exd4 4. Bc4 Bc5 5. c3 d3 6. O-O h6 7. b4 Bb6 8. a4 a6
9. Ba3 Nge7 10. Qxd3 d6 11. Nbd2 Ng6 12. Qc2 O-O 13. Bb3 Bg4 14. h3 Bxf3 15.
Nxf3 Qf6 16. Kh1 Nf4 17. Ng1 Rae8 18. Rad1 Ne5 19. Bc1 a5 20. Be3 Qg5 21. Bxf4
Qxf4 22. Ne2 Qh4 23. Nd4 Ng6 24. f3 Nf4 25. Kh2 Nh5 26. Nf5 Qf6 27. Qd2 Qe5+
28. g3 Rd8 29. Bc2 Qe6 1/2-1/2

[Event "LSV Turm Lippstadt 1 - Godesberger SK 2"]
[Site "NRW-Klasse, Gruppe 1 2010/201"]
[Date "2011.01.09"]
[Round "5.7"]
[White "Broehl, Stephan"]
[Black "Grobbel, Rainer"]
[Result "1-0"]
[WhiteElo "2031"]
[BlackElo "2085"]
[PlyCount "55"]
[EventDate "2011.??.??"]

1. e4 c5 2. Nc3 Nc6 3. Bb5 Nd4 4. Bc4 g6 5. Nf3 Bg7 6. Nxd4 cxd4 7. Qf3 Nh6 8.
Ne2 d6 9. h3 e5 10. d3 Qe7 11. Qg3 Be6 12. Bb5+ Bd7 13. Bxd7+ Kxd7 14. c3 dxc3
15. Nxc3 Qe6 16. O-O f5 17. f4 Raf8 18. Be3 b6 19. Rac1 exf4 20. Bxf4 Bxc3 21.
Rxc3 Nf7 22. exf5 gxf5 23. Qf3 Nd8 24. Rfc1 Rf7 25. Rc8 Qf6 26. R1c7+ Ke8 27.
Qc6+ Kf8 28. Rxd8+ 1-0

[Event "LSV Turm Lippstadt 1 - Godesberger SK 2"]
[Site "NRW-Klasse, Gruppe 1 2010/201"]
[Date "2011.01.09"]
[Round "5.8"]
[White "Chapman, Alan"]
[Black "Eisentraut, Dieter"]
[Result "1-0"]
[WhiteElo "1967"]
[BlackElo "1839"]
[PlyCount "61"]
[EventDate "2011.??.??"]

1. e4 d6 2. d4 Nf6 3. Nc3 e5 4. Nf3 Nbd7 5. g4 Nxg4 6. Rg1 Ngf6 7. Bc4 h6 8.
Be3 c6 9. dxe5 dxe5 10. Qd3 b5 11. Bb3 Qa5 12. O-O-O Ba6 13. Qd2 c5 14. Bd5 Rc8
15. Kb1 b4 16. Ne2 Nxd5 17. Qxd5 Qc7 18. Ng3 Bb7 19. Qd2 Nf6 20. Qe1 Nxe4 21.
Bf4 exf4 22. Nxe4 Be7 23. Nd6+ Kf8 24. Nxc8 Bxc8 25. Ne5 Be6 26. Ng6+ Kg8 27.
Qe4 Bxa2+ 28. Kxa2 fxg6 29. Qe6+ Kf8 30. Rd7 b3+ 31. cxb3 1-0

[Event "SF Neuenkirchen 1 - SK Turm Emsdetten 2"]
[Site "NRW-Klasse, Gruppe 1 2010/201"]
[Date "2011.01.09"]
[Round "5.1"]
[White "Pruijssers, Roeland"]
[Black "Muschik, Benedikt"]
[Result "0-1"]
[WhiteElo "2468"]
[BlackElo "2235"]
[PlyCount "58"]
[EventDate "2011.??.??"]

1. e4 g6 2. d4 Bg7 3. Nc3 d5 4. e5 c5 5. f4 cxd4 6. Qxd4 Be6 7. Be3 Nc6 8. Bb5
Nh6 9. Qa4 O-O 10. Nf3 Qc7 11. O-O-O Ng4 12. Bg1 d4 13. Nxd4 Nxd4 14. Rxd4 a6
15. Be2 b5 16. Qa3 Rfc8 17. h3 Nxe5 18. fxe5 Bxe5 19. Re4 Bd6 20. Bh2 Bxh2 21.
Rxe6 fxe6 22. Bg4 Qf4+ 23. Kb1 b4 24. Qb3 bxc3 25. Bxe6+ Kh8 26. Bxc8 Rxc8 27.
Qe6 Rb8 28. b3 Qd6 29. Qe3 Be5 0-1

[Event "SF Neuenkirchen 1 - SK Turm Emsdetten 2"]
[Site "NRW-Klasse, Gruppe 1 2010/201"]
[Date "2011.01.09"]
[Round "5.2"]
[White "Wilde, Pierre"]
[Black "Kabatianski, Alexander"]
[Result "1/2-1/2"]
[WhiteElo "2219"]
[BlackElo "2397"]
[PlyCount "61"]
[EventDate "2011.??.??"]

1. c4 c5 2. g3 g6 3. Bg2 Bg7 4. Nc3 Nc6 5. a3 b6 6. b4 Bb7 7. Rb1 d6 8. b5 Na5
9. Bxb7 Nxb7 10. Bb2 e6 11. Qc2 Nf6 12. Nf3 d5 13. cxd5 exd5 14. d4 O-O 15. O-O
c4 16. Rbd1 Qd6 17. Ne5 Qe6 18. Rfe1 Nd6 19. a4 Rfe8 20. e3 h5 21. f3 Nf5 22.
Qf2 Nh6 23. Qf1 Nf5 24. Qf2 Bh8 25. Bc1 Bg7 26. Nc6 Qd7 27. Kg2 a6 28. h3 axb5
29. axb5 Ne7 30. Ne5 Qb7 31. e4 1/2-1/2

[Event "SF Neuenkirchen 1 - SK Turm Emsdetten 2"]
[Site "NRW-Klasse, Gruppe 1 2010/201"]
[Date "2011.01.09"]
[Round "5.3"]
[White "Breder, Dennis"]
[Black "Haves, Reinhard"]
[Result "1-0"]
[WhiteElo "2427"]
[BlackElo "2161"]
[PlyCount "96"]
[EventDate "2011.??.??"]

1. e4 g6 2. d4 Bg7 3. Nf3 d6 4. Be2 Nf6 5. Nc3 Bg4 6. Be3 Nc6 7. Nd2 Bxe2 8.
Qxe2 e5 9. d5 Nd4 10. Qd3 O-O 11. O-O c6 12. dxc6 bxc6 13. Nb3 c5 14. Bg5 Qc8
15. Nd2 Qe6 16. Bxf6 Bxf6 17. Nd5 Bd8 18. c3 Nc6 19. Nc4 f5 20. Nde3 Be7 21.
Qd5 Qxd5 22. Nxd5 Rad8 23. a3 Bg5 24. f3 Kf7 25. b4 Ke6 26. Rfd1 Rf7 27. b5 Nb8
28. Rd3 Rb7 29. Rad1 Rdd7 30. a4 Bd8 31. g3 h5 32. Kg2 h4 33. Nde3 Be7 34. gxh4
Rbc7 35. Nd5 Rc8 36. Nxe7 Kxe7 37. Rxd6 fxe4 38. fxe4 Rh8 39. Kg3 Rf8 40. R1d5
Rxd6 41. Nxd6 Nd7 42. Nc4 Rf1 43. Nxe5 Nf6 44. Nxg6+ Kf7 45. Rf5 Rc1 46. e5
Rxc3+ 47. Kf2 Kxg6 48. Rxf6+ Kg7 1-0

[Event "SF Neuenkirchen 1 - SK Turm Emsdetten 2"]
[Site "NRW-Klasse, Gruppe 1 2010/201"]
[Date "2011.01.09"]
[Round "5.4"]
[White "Beckmann, Klaus"]
[Black "Richter, Christian"]
[Result "1-0"]
[WhiteElo "2172"]
[BlackElo "2329"]
[Annotator "Hausrath,Daniel"]
[PlyCount "87"]
[EventDate "2011.??.??"]

1. d4 Nf6 2. Nf3 g6 3. c3 Bg7 4. Bg5 d6 5. Nbd2 h6 6. Bh4 g5 7. Bg3 Nh5 8. e4
Nd7 9. Nc4 e6 10. Bd3 Qe7 11. O-O b6 12. Qb3 Rb8 13. a4 Bb7 14. Rfe1 O-O 15.
Qa3 Nxg3 16. hxg3 g4 17. Nfd2 Qg5 18. Rad1 Rfd8 19. Ne3 h5 20. a5 b5 21. a6 Ba8
22. Qa5 Rdc8 23. Bc2 Bh6 24. b4 Rb6 25. d5 c5 26. e5 $11 Nxe5 27. Ne4 Qe7 28.
bxc5 dxc5 29. d6 Qd8 30. d7 Rc7 31. Nf6+ Kf8 32. Nf5 Rxd7 33. Nxd7+ Nxd7 34.
Nxh6 Bd5 35. c4 bxc4 36. Qa1 Qf6 37. Qc1 Rd6 38. Be4 Nb6 39. Nf5 exf5 40. Bxd5
Nxd5 41. Qxc4 Ne7 42. Qxc5 Rxd1 43. Rxd1 Kg8 44. Qxa7 1-0

[Event "SF Neuenkirchen 1 - SK Turm Emsdetten 2"]
[Site "NRW-Klasse, Gruppe 1 2010/201"]
[Date "2011.01.09"]
[Round "5.5"]
[White "Kuipers, Stefan"]
[Black "Rieke, Theo"]
[Result "1-0"]
[WhiteElo "2367"]
[BlackElo "2060"]
[PlyCount "51"]
[EventDate "2011.??.??"]

1. e4 g6 2. d4 Bg7 3. Nc3 d6 4. Be3 c6 5. Qd2 b5 6. a3 Bb7 7. Nf3 a6 8. Be2 Nd7
9. O-O e5 10. Rad1 Qe7 11. Rfe1 Ngf6 12. Bh6 O-O 13. Qg5 Rfe8 14. Bxg7 Kxg7 15.
Nh4 Kh8 16. dxe5 Qxe5 17. Nf3 Qe7 18. Qd2 Nc5 19. Qxd6 Ncxe4 20. Nxe4 Nxe4 21.
Qxe7 Rxe7 22. Bd3 c5 23. Bxe4 Bxe4 24. Rd2 Ree8 25. Rde2 Bc6 26. Ne5 1-0

[Event "SF Neuenkirchen 1 - SK Turm Emsdetten 2"]
[Site "NRW-Klasse, Gruppe 1 2010/201"]
[Date "2011.01.09"]
[Round "5.6"]
[White "Beckmann, Klaus"]
[Black "Rijnaarts, Sjef"]
[Result "0-1"]
[WhiteElo "2039"]
[BlackElo "2259"]
[PlyCount "80"]
[EventDate "2011.??.??"]

1. e4 c5 2. Nf3 d6 3. Bb5+ Bd7 4. Bxd7+ Qxd7 5. d4 cxd4 6. Qxd4 Nc6 7. Qd3 g6
8. Bd2 Bg7 9. Bc3 Nf6 10. Nbd2 O-O 11. O-O Rac8 12. Rfe1 Rfd8 13. Rad1 Qc7 14.
Qe2 e5 15. Nb1 d5 16. exd5 Nxd5 17. Bd2 h6 18. c4 Ndb4 19. Bxb4 Nxb4 20. a3 Nc6
21. Nc3 Rxd1 22. Qxd1 f5 23. Qd5+ Qf7 24. g3 e4 25. Nh4 Rd8 26. Qxf7+ Kxf7 27.
Nd5 Nd4 28. Kf1 g5 29. Ng2 Nf3 30. Rd1 Bxb2 31. Nge3 Bxa3 32. Nxf5 Nxh2+ 33.
Ke2 Ng4 34. Rb1 Rd7 35. Rb3 Bc5 36. f3 exf3+ 37. Rxf3 Ke6 38. Nxh6 Nxh6 39.
Rf6+ Ke5 40. Rxh6 Kd4 0-1

[Event "SF Neuenkirchen 1 - SK Turm Emsdetten 2"]
[Site "NRW-Klasse, Gruppe 1 2010/201"]
[Date "2011.01.09"]
[Round "5.7"]
[White "Schudro, Vasili"]
[Black "Sommer, Uwe"]
[Result "1-0"]
[WhiteElo "2138"]
[BlackElo "2034"]
[PlyCount "87"]
[EventDate "2011.??.??"]

1. e4 e6 2. Qe2 c5 3. Nf3 Nc6 4. g3 d6 5. Bg2 e5 6. c3 Qb6 7. d3 Nf6 8. Na3 Be7
9. Nc4 Qc7 10. O-O b5 11. Ne3 O-O 12. Nh4 Re8 13. f4 Bf8 14. f5 Rb8 15. g4 c4
16. g5 cxd3 17. Qd1 Nd7 18. Nd5 Qd8 19. Qh5 Ne7 20. g6 fxg6 21. fxg6 h6 22. Bg5
Bb7 23. Rf7 Bxd5 24. exd5 Nf6 25. Bxf6 gxf6 26. Rf1 Qb6+ 27. Kh1 Qe3 28. R7xf6
Bg7 29. Qg4 Kh8 30. Rf7 Qg5 31. Qe6 Rf8 32. Qxe7 Rxf7 33. Rxf7 Qxe7 34. Rxe7
Bf6 35. Rh7+ Kg8 36. Nf5 d2 37. Nxh6+ Kf8 38. Bf3 e4 39. Be2 b4 40. c4 b3 41.
Rf7+ Ke8 42. Rxa7 bxa2 43. Rxa2 Bxb2 44. Rxb2 1-0

[Event "SF Neuenkirchen 1 - SK Turm Emsdetten 2"]
[Site "NRW-Klasse, Gruppe 1 2010/201"]
[Date "2011.01.09"]
[Round "5.8"]
[White "Stoeckmann, Helmut"]
[Black "Topp, Michael"]
[Result "1/2-1/2"]
[WhiteElo "2065"]
[BlackElo "1994"]
[PlyCount "39"]
[EventDate "2011.??.??"]

1. c4 Nf6 2. Nc3 c5 3. e4 Nc6 4. g3 g6 5. Bg2 Bg7 6. Nge2 O-O 7. O-O d6 8. d3
Rb8 9. Rb1 a6 10. a3 b5 11. cxb5 axb5 12. b4 cxb4 13. axb4 Bd7 14. h3 Ne8 15.
Be3 Nc7 16. Qd2 Na6 17. Na2 Be6 18. Nac1 Qd7 19. Nf4 Nd4 20. Nxe6 1/2-1/2

[Event "SV Würselen 1 - Brackweder SK 1"]
[Site "NRW-Klasse, Gruppe 1 2010/201"]
[Date "2011.01.09"]
[Round "5.1"]
[White "Olyschlaeger, Richard"]
[Black "Budde, Vladimir"]
[Result "0-1"]
[WhiteElo "1921"]
[BlackElo "2267"]
[PlyCount "54"]
[EventDate "2011.??.??"]

1. d4 d5 2. Nf3 c6 3. c3 Nf6 4. Bf4 g6 5. e3 Bg7 6. Nbd2 Nh5 7. Bg5 h6 8. Bh4
Qb6 9. Nb3 Nd7 10. Be2 g5 11. Nfd2 gxh4 12. Bxh5 Nf6 13. Qf3 Qc7 14. Nc5 e5 15.
dxe5 Qxe5 16. g4 Qg5 17. h3 Nxh5 18. gxh5 Qe7 19. Nd3 Be6 20. Nf4 Bd7 21. O-O-O
O-O-O 22. Rdg1 Bf6 23. Ng2 Bg5 24. Qe2 Bf5 25. f4 Bf6 26. Qf2 Rhg8 27. Nf3 Qe4
0-1

[Event "SV Würselen 1 - Brackweder SK 1"]
[Site "NRW-Klasse, Gruppe 1 2010/201"]
[Date "2011.01.09"]
[Round "5.2"]
[White "Goossens, Etienne"]
[Black "Ehrlich, Tim"]
[Result "1/2-1/2"]
[WhiteElo "2214"]
[BlackElo "1976"]
[PlyCount "22"]
[EventDate "2011.??.??"]

1. d4 d5 2. Bf4 Nf6 3. e3 e6 4. Nd2 Be7 5. Bd3 O-O 6. h4 c5 7. c3 Nc6 8. Ngf3
Bd6 9. Bxd6 Qxd6 10. Bb5 Ng4 11. O-O e5 1/2-1/2